Do tax-incentives promote innovation? (Record no. 32345)

000 -LEADER
fixed length control field 00367pab a2200157 454500
008 - FIXED-LENGTH DATA ELEMENTS--GENERAL INFORMATION
fixed length control field 180718b1996 xxu||||| |||| 00| 0 eng d
100 ## - MAIN ENTRY--PERSONAL NAME
Personal name Guinet, Jean
245 ## - TITLE STATEMENT
Title Do tax-incentives promote innovation?
260 ## - PUBLICATION, DISTRIBUTION, ETC.
Date of publication, distribution, etc. 1996
300 ## - PHYSICAL DESCRIPTION
Extent p.22-25
362 ## - DATES OF PUBLICATION AND/OR SEQUENTIAL DESIGNATION
Dates of publication and/or sequential designation Oct-Nov
650 ## - SUBJECT ADDED ENTRY--TOPICAL TERM
Topical term or geographic name entry element Taxation
700 ## - ADDED ENTRY--PERSONAL NAME
Personal name Kamata, Hiroko
773 ## - HOST ITEM ENTRY
Main entry heading OECD Observer
909 ## -
-- 32345
Holdings
Withdrawn status Lost status Damaged status Not for loan Permanent Location Current Location Date acquired Serial Enumeration / chronology Barcode Date last seen Price effective from Koha item type
        Indian Institute of Public Administration Indian Institute of Public Administration 2018-07-19 Issue no: (202) AR32539 2018-07-19 2018-07-19 Articles

Powered by Koha